Construir y enseñar: las ciencias sociales y la historia
সংরক্ষণ করুন:
| প্রধান লেখক: | |
|---|---|
| বিন্যাস: | গ্রন্থ |
| ভাষা: | স্প্যানিশ |
| প্রকাশিত: |
Buenos Aires
Aique
2007
|
| মালা: | Transformación
|
| বিষয়গুলি: | |
| ট্যাগগুলো: |
ট্যাগ যুক্ত করুন
কোনো ট্যাগ নেই, প্রথমজন হিসাবে ট্যাগ করুন!
|
MARC
| LEADER | 00000nam a2200000 a 4500 | ||
|---|---|---|---|
| 001 | UCI9249 | ||
| 003 | CL-VaPUC | ||
| 008 | 081030e20070000AG |||||||||||||||||spa|d | ||
| 020 | |a 9789507013010 | ||
| 082 | 0 | 4 | |a 372.89 |b CAR |2 21 |
| 100 | 0 | |a Carretero Rodríguez, Mario |e author |9 532881 | |
| 245 | 1 | 0 | |a Construir y enseñar: las ciencias sociales y la historia |
| 300 | |a 157 p | ||
| 942 | |c BK | ||
| 945 | |d 20081030 00:00:00 |a jtorresc | ||
| 260 | |a Buenos Aires |b Aique |c 2007 | ||
| 650 | 0 | |a Enseñanza de la historia |9 307330 | |
| 650 | 0 | |a Enseñanza de las ciencias sociales |9 337823 | |
| 583 | |a last modification |c 20081030 00:00:00 |k Rodrigo Vera | ||
| 490 | 0 | |a Transformación | |
| 999 | |c 331826 |d 331824 | ||
| 952 | |0 0 |1 0 |4 0 |6 372_890000000000000_CAR_2007 |7 0 |8 A |9 418970 |a BIBEDU |b BIBEDU |d 2019-11-22 |i 4494245 |o 372.89 CAR 2007 |p 4494245 |r 2019-11-22 |w 2019-11-22 |y BK |k EBA | ||